[Event "Senior-DM 65+ 2023"]
[Site "Aalborg"]
[Date "2023.02.19"]
[Round "1"]
[White "Andreasen, Per Naesby"]
[Black "Fjordside, Arne Dan"]
[Result "1-0"]
[WhiteElo "2229"]
[BlackElo "1829"]
[PlyCount "78"]
[EventDate "2023.02.19"]
[EventType "swiss"]
[EventRounds "7"]
[EventCountry "DEN"]
[SourceTitle "Live v Hans Engen"]

1. Nf3 d5 2. g3 Nf6 3. Bg2 c6 4. b3 Bf5 5. Bb2 Nbd7 6. c4 e6 7. d3 h6 8. O-O
Be7 9. Nbd2 O-O 10. Rc1 Re8 11. Ne5 Nxe5 12. Bxe5 Nd7 13. Bb2 Bf6 14. Qc2 Bxb2
15. Qxb2 Nf6 16. Nf3 Bh7 17. Rfd1 Qe7 18. d4 a5 19. a3 Be4 20. h3 Nd7 21. Rd2
a4 22. bxa4 Rxa4 23. cxd5 exd5 24. Qxb7 Rc4 25. Ra1 Rb8 26. Qc7 f6 27. h4 Bf5
28. Kh2 g5 29. e3 Ra8 30. Rb2 Qe6 31. Nd2 Rca4 32. Rc1 Rxa3 33. Rxc6 R3a7 34.
Rb7 Rxb7 35. Qxb7 Qe8 36. Bxd5+ Kh8 37. Ra6 Rb8 38. Ra8 Kg7 39. Rxb8 Qxb8 1-0

[Event "Senior-DM 65+ 2023"]
[Site "Aalborg"]
[Date "2023.02.19"]
[Round "1"]
[White "Meldgaard, Frode"]
[Black "Mikkelsen, Peter Jorgen Dam"]
[Result "0-1"]
[WhiteElo "1804"]
[BlackElo "2101"]
[PlyCount "96"]
[EventDate "2023.02.19"]
[EventType "swiss"]
[EventRounds "7"]
[EventCountry "DEN"]
[SourceTitle "Live v Hans Engen"]

1. e4 c6 2. Bc4 d5 3. exd5 cxd5 4. Bb3 Nf6 5. d3 Bg4 6. Nf3 Nc6 7. h3 Bh5 8. g4
Bg6 9. Bf4 e6 10. Nc3 a6 11. a4 Bb4 12. O-O O-O 13. Ne2 Re8 14. c3 Bd6 15. Qd2
Rc8 16. Rfe1 Bf8 17. Ng3 Qb6 18. Ba2 d4 19. c4 Bb4 20. Qe2 Bxe1 21. Rxe1 Nb4
22. Bb1 Red8 23. Ne5 Nd7 24. h4 Nxe5 25. Bxe5 f6 26. h5 Bf7 27. Bf4 h6 28. b3
Re8 29. Ne4 e5 30. Bd2 a5 31. c5 Qe6 32. Nd6 Rxc5 33. Nxe8 Bxe8 34. Bxb4 axb4
35. f3 Bc6 36. Rf1 f5 37. Kh2 f4 38. Bc2 Bd5 39. Rb1 Bxf3 40. Qxf3 Rxc2+ 41.
Kh3 Qc6 42. Qxc6 Rxc6 43. Re1 Rc5 44. g5 Kf7 45. gxh6 gxh6 46. Rg1 Rc3 47. Rg6
Rxd3+ 48. Kg2 Rg3+ 0-1

[Event "Senior-DM 65+ 2023"]
[Site "Aalborg"]
[Date "2023.02.19"]
[Round "1"]
[White "Kolbak, Jens"]
[Black "Bjornes, Leif"]
[Result "1-0"]
[WhiteElo "2134"]
[BlackElo "1811"]
[PlyCount "67"]
[EventDate "2023.02.19"]
[EventType "swiss"]
[EventRounds "7"]
[EventCountry "DEN"]
[SourceTitle "Live v Hans Engen"]

1. Nf3 d5 2. d4 Nf6 3. c4 c6 4. Nc3 a6 5. e3 b5 6. cxd5 cxd5 7. Bd3 Bg4 8. h3
Bh5 9. g4 Bg6 10. Ne5 e6 11. a4 b4 12. Ne2 Nbd7 13. Nxg6 hxg6 14. f3 Bd6 15. g5
Ng8 16. e4 Ne7 17. Be3 Qb6 18. a5 Qb7 19. Kf2 Rc8 20. Rc1 Rc6 21. Qa4 O-O 22.
Rxc6 Nxc6 23. exd5 exd5 24. Rc1 Ne7 25. Bf4 Bxf4 26. Nxf4 Qb8 27. Ng2 Qd6 28.
Qd1 f6 29. Qd2 Nf5 30. Bxf5 gxf5 31. Qf4 Qe6 32. g6 Nb8 33. Qh4 Rd8 34. Re1 1-0

[Event "Senior-DM 65+ 2023"]
[Site "Aalborg"]
[Date "2023.02.19"]
[Round "1"]
[White "Christensen, Verner"]
[Black "Thuesen, Mogens Henrik"]
[Result "0-1"]
[WhiteElo "1824"]
[BlackElo "2137"]
[PlyCount "46"]
[EventDate "2023.02.19"]
[EventType "swiss"]
[EventRounds "7"]
[EventCountry "DEN"]
[SourceTitle "Live v Hans Engen"]

1. e4 c5 2. d4 cxd4 3. c3 d5 4. Qxd4 dxe4 5. Bb5+ Bd7 6. Bxd7+ Nxd7 7. Qxe4 Nc5
8. Qe3 e5 9. Nf3 Nd3+ 10. Ke2 Nf4+ 11. Kf1 Qd1+ 12. Ne1 Qd5 13. Nd2 Nf6 14. c4
Qe6 15. Qb3 O-O-O 16. Ndf3 Bc5 17. Be3 Ne4 18. Bxc5 Nxc5 19. Qc2 e4 20. Ng1 Rd4
21. b3 Rhd8 22. Ne2 Rd2 23. Nxf4 Qf6 0-1

[Event "Senior-DM 65+ 2023"]
[Site "Aalborg"]
[Date "2023.02.19"]
[Round "1"]
[White "Christiansen, Jens Jorgen"]
[Black "Matras, Ove"]
[Result "1-0"]
[WhiteElo "2095"]
[BlackElo "1787"]
[PlyCount "153"]
[EventDate "2023.02.19"]
[EventType "swiss"]
[EventRounds "7"]
[EventCountry "DEN"]
[SourceTitle "Live v Hans Engen"]

1. b3 e5 2. Bb2 Nc6 3. e3 Nf6 4. Nf3 d6 5. d4 exd4 6. exd4 Bg4 7. Nbd2 Qd7 8.
h3 Bxf3 9. Qxf3 O-O-O 10. O-O-O Ne7 11. Nc4 Qf5 12. Qxf5+ Nxf5 13. Bd3 Ne7 14.
Rhe1 Ng6 15. Bf5+ Kb8 16. g3 Ne7 17. Bd3 Ned5 18. Bf1 Nb6 19. Nxb6 axb6 20. d5
c6 21. c4 Nd7 22. b4 Rg8 23. h4 g5 24. h5 g4 25. Bg2 Kc7 26. Be4 Rg5 27. Bxh7
Rxh5 28. Rh1 Rg5 29. Bd4 Ne5 30. Be3 Rg7 31. Bd3 Be7 32. Rh5 Ra8 33. Kb2 Ra4
34. Kb3 Nxd3 35. Rxd3 Ra8 36. Rf5 Rh7 37. Rd4 Kd7 38. Rxg4 Rh1 39. Bxb6 Rb1+
40. Kc2 Ra1 41. Rxf7 R8xa2+ 42. Kd3 Rd1+ 43. Ke3 cxd5 44. cxd5 Ke8 45. Rf5 Rad2
46. Rc4 Rxd5 47. Rc8+ Kd7 48. Rc7+ Ke6 49. Rxd5 Rxd5 50. Rxb7 Rb5 51. Rb8 Rxb4
52. Ba7 Ra4 53. Bd4 Ra3+ 54. Ke2 Kd5 55. Bg7 Ke6 56. g4 Bg5 57. Rb5 Bc1 58. Rb4
Ra2+ 59. Kf3 Bg5 60. Re4+ Kd5 61. Rd4+ Ke6 62. Rd3 Bh4 63. Bd4 Bg5 64. Be3 Bf6
65. g5 Be5 66. Bd4 Kf5 67. Be3 Ra4 68. Rb3 d5 69. Rb7 d4 70. Bc1 Rc4 71. Bd2
Rc2 72. Ke2 Ra2 73. f3 Ra3 74. Rb5 Ke6 75. f4 Bg7 76. f5+ Kd6 77. Bb4+ 1-0

[Event "Senior-DM 65+ 2023"]
[Site "Aalborg"]
[Date "2023.02.19"]
[Round "1"]
[White "Gregor, Jan"]
[Black "Madsen, Svend Aage"]
[Result "0-1"]
[WhiteElo "1687"]
[BlackElo "2030"]
[PlyCount "89"]
[EventDate "2023.02.19"]
[EventType "swiss"]
[EventRounds "7"]
[EventCountry "DEN"]
[SourceTitle "Live v Hans Engen"]

1. e4 e5 2. f4 exf4 3. Bc4 Qh4+ 4. Kf1 d6 5. d4 Nc6 6. c3 Nf6 7. Nf3 Qh5 8.
Bxf4 Be7 9. Qd3 O-O 10. Nbd2 a6 11. h3 Na5 12. Kf2 Nxc4 13. Qxc4 c6 14. Rag1 d5
15. Qe2 dxe4 16. Nxe4 Nxe4+ 17. Qxe4 Re8 18. Bg5 f6 19. g4 Qf7 20. Be3 Qxa2 21.
Qc2 Be6 22. Ra1 Qb3 23. Qxb3 Bxb3 24. Nd2 Bd5 25. Rhe1 Bd6 26. c4 Bf7 27. g5 f5
28. c5 Bc7 29. Nf3 Re7 30. Bd2 Rae8 31. Rxe7 Rxe7 32. Re1 Rxe1 33. Nxe1 Bd5 34.
Nd3 Be4 35. Nf4 Kf7 36. b4 Bd8 37. h4 Be7 38. Ke3 g6 39. Nd3 Bxd3 40. Kxd3 Ke6
41. Kc4 Bd8 42. Bf4 Kd7 43. d5 cxd5+ 44. Kxd5 Bc7 45. Kd4 0-1

[Event "Senior-DM 65+ 2023"]
[Site "Aalborg"]
[Date "2023.02.19"]
[Round "1"]
[White "Pedersen, Karsten Nymann"]
[Black "Pilgaard, Johannes"]
[Result "1-0"]
[WhiteElo "2057"]
[BlackElo "1664"]
[PlyCount "39"]
[EventDate "2023.02.19"]
[EventType "swiss"]
[EventRounds "7"]
[EventCountry "DEN"]
[SourceTitle "Live v Hans Engen"]

1. d4 Nf6 2. g3 g6 3. Bg2 d5 4. c4 c6 5. Nf3 Bg7 6. O-O O-O 7. b3 Bg4 8. Ne5
Qc8 9. Nxg4 Qxg4 10. Be3 Na6 11. Nd2 Rfe8 12. Nf3 Nh5 13. Rc1 Rad8 14. cxd5
cxd5 15. Qd3 e5 16. Nxe5 Bxe5 17. dxe5 Rxe5 18. Bf3 Qh3 19. Qd4 f6 20. Bg4 1-0

[Event "Senior-DM 65+ 2023"]
[Site "Aalborg"]
[Date "2023.02.19"]
[Round "1"]
[White "Poulsen, Knud"]
[Black "Svane, Henrik"]
[Result "0-1"]
[WhiteElo "1699"]
[BlackElo "2014"]
[PlyCount "88"]
[EventDate "2023.02.19"]
[EventType "swiss"]
[EventRounds "7"]
[EventCountry "DEN"]
[SourceTitle "Live v Hans Engen"]

1. c4 Nf6 2. Nc3 d5 3. cxd5 Nxd5 4. Nxd5 Qxd5 5. Nf3 c5 6. g3 Nc6 7. Bg2 g6 8.
O-O Bg7 9. d3 O-O 10. Nd2 Qd7 11. Nb3 b6 12. a3 Bb7 13. Nd2 Rfd8 14. h4 Nd4 15.
Ne4 h6 16. Bf4 f5 17. Nc3 Bxg2 18. Kxg2 e5 19. Be3 Qe6 20. Bxd4 exd4 21. Nb1
Re8 22. Re1 f4 23. Nd2 fxg3 24. fxg3 Qg4 25. e4 Qd7 26. a4 Be5 27. Qb3+ Kg7 28.
Rf1 Rf8 29. Rxf8 Rxf8 30. Rf1 Qg4 31. Rxf8 Qxg3+ 32. Kf1 Kxf8 33. Qd1 Qxd3+ 34.
Qe2 Qxe2+ 35. Kxe2 Ke7 36. Nf3 Ke6 37. Kd3 Bf4 38. b3 g5 39. h5 g4 40. Nh4 Kf6
41. Ng6 Bg5 42. Nf8 g3 43. Nd7+ Ke7 44. Ne5 g2 0-1

[Event "Senior-DM 65+ 2023"]
[Site "Aalborg"]
[Date "2023.02.19"]
[Round "1"]
[White "Andersen, Lars Christoff"]
[Black "Gottschalck, Christian"]
[Result "1-0"]
[WhiteElo "2009"]
[BlackElo "1691"]
[PlyCount "103"]
[EventDate "2023.02.19"]
[EventType "swiss"]
[EventRounds "7"]
[EventCountry "DEN"]
[SourceTitle "Live v Hans Engen"]

1. Nf3 d5 2. c4 c6 3. d4 Nf6 4. Nc3 g6 5. e3 Bg7 6. Be2 O-O 7. h3 dxc4 8. Bxc4
Nd5 9. O-O Nb6 10. Bb3 N8d7 11. a4 a5 12. e4 Nf6 13. Be3 e6 14. Qd2 Re8 15.
Rfd1 Qe7 16. Qc2 Qb4 17. Na2 Qe7 18. d5 Nbd7 19. d6 Qf8 20. Qc4 b5 21. Qxc6 Ba6
22. Qc7 Rec8 23. Qxa5 bxa4 24. Bxa4 Be2 25. Qe1 Bxd1 26. Qxd1 Qd8 27. Nc3 Rc4
28. Qb3 Rcc8 29. Rd1 Nc5 30. Bxc5 Rxc5 31. Qb4 Rca5 32. Nd4 Rb8 33. Qa3 Rc8 34.
Qb4 Rac5 35. Nb3 Rc4 36. Qb7 Bf8 37. Bb5 Rb4 38. Na5 Rxb2 39. Nc6 Rxc6 40. Qxc6
Rc2 41. Ba4 Rb2 42. Qc7 Rb8 43. e5 Nh5 44. Qxd8 Rxd8 45. Ne4 Bg7 46. Nc5 Bxe5
47. Nb7 Rb8 48. d7 Bf6 49. d8=Q+ Bxd8 50. Rxd8+ Rxd8 51. Nxd8 Kg7 52. Be8 1-0

[Event "Senior-DM 65+ 2023"]
[Site "Aalborg"]
[Date "2023.02.19"]
[Round "1"]
[White "Nielsen, Peter"]
[Black "Skovgaard, Tom"]
[Result "0-1"]
[WhiteElo "1685"]
[BlackElo "1982"]
[PlyCount "102"]
[EventDate "2023.02.19"]
[EventType "swiss"]
[EventRounds "7"]
[EventCountry "DEN"]
[SourceTitle "Live v Hans Engen"]

1. e4 Nf6 2. e5 Nd5 3. d4 d6 4. Nf3 Nb6 5. exd6 cxd6 6. a4 a5 7. c4 g6 8. Be3
Bg7 9. Qd2 Nc6 10. Nc3 Bg4 11. Bh6 O-O 12. Bxg7 Kxg7 13. d5 Bxf3 14. gxf3 Ne5
15. Qd4 Kg8 16. Be2 Rc8 17. b3 Ned7 18. Ne4 Nc5 19. Nxc5 Rxc5 20. Rd1 Nd7 21.
h4 h5 22. f4 f5 23. Rg1 Rf6 24. Bxh5 e5 25. fxe5 dxe5 26. Qd2 Kf7 27. Be2 Rb6
28. h5 Kg7 29. hxg6 Rxg6 30. Rxg6+ Kxg6 31. Qe3 Qg5 32. Qg3 Rc8 33. Rd3 Rh8 34.
Qxg5+ Kxg5 35. Rg3+ Kf6 36. Kd2 Nc5 37. Kc2 Rh2 38. d6 Rxf2 39. Kd1 Ke6 40.
Rg6+ Kd7 41. Ke1 Rf4 42. Rf6 Nxb3 43. Rxf5 Rxf5 44. Bg4 Kxd6 45. Bxf5 Kc5 46.
Be6 Kd4 47. Bd5 b6 48. Kd1 Nc5 49. Bc6 Kxc4 50. Bb5+ Kb4 51. Kd2 Nxa4 0-1

[Event "Senior-DM 65+ 2023"]
[Site "Aalborg"]
[Date "2023.02.19"]
[Round "1"]
[White "Olesen, Poul Erik Norgaard"]
[Black "Andersson, Finn"]
[Result "1-0"]
[WhiteElo "1981"]
[BlackElo "1701"]
[PlyCount "41"]
[EventDate "2023.02.19"]
[EventType "swiss"]
[EventRounds "7"]
[EventCountry "DEN"]
[SourceTitle "Live v Hans Engen"]

1. e4 c5 2. Nf3 Nc6 3. d4 cxd4 4. Nxd4 Nf6 5. Nc3 e5 6. Ndb5 d6 7. Bg5 a6 8.
Na3 b5 9. Nd5 Be7 10. Bxf6 gxf6 11. c3 f5 12. Bd3 Be6 13. Qh5 f4 14. g3 Qd7 15.
Nb6 Bg4 16. Qh6 Qd8 17. Nxa8 Bf3 18. Rg1 Bf8 19. Qh3 Rg8 20. g4 Bxg4 21. Rxg4
1-0

[Event "Senior-DM 65+ 2023"]
[Site "Aalborg"]
[Date "2023.02.19"]
[Round "1"]
[White "Christensen, Claus"]
[Black "Ortoft, Kai"]
[Result "0-1"]
[WhiteElo "1536"]
[BlackElo "1923"]
[PlyCount "84"]
[EventDate "2023.02.19"]
[EventType "swiss"]
[EventRounds "7"]
[EventCountry "DEN"]
[SourceTitle "Live v Hans Engen"]

1. e4 d6 2. Nf3 Nf6 3. Nc3 c6 4. e5 dxe5 5. Nxe5 Nbd7 6. Nxd7 Bxd7 7. Be2 e5 8.
d3 h6 9. O-O Bd6 10. a3 O-O 11. Bf3 Qc7 12. h3 Rad8 13. Be3 b6 14. Qc1 Rfe8 15.
b4 Bf8 16. Re1 Bc8 17. Qb2 Nd5 18. Bd2 Bb7 19. Rad1 c5 20. Nxd5 Bxd5 21. Bxd5
Rxd5 22. Qb3 Rdd8 23. Bc3 Rc8 24. Rc1 Bd6 25. b5 Qd7 26. a4 Re6 27. Qd5 Qe7 28.
Re2 Bb8 29. Rce1 Rd8 30. Qb3 Re8 31. Qd5 Qg5 32. Re3 R6e7 33. Rg3 Qf6 34. Qe4
Qe6 35. Qe3 f5 36. f4 e4 37. dxe4 fxe4 38. Ba1 Rd8 39. Rg4 Qf5 40. Qc3 Rdd7 41.
g3 Qd5 42. Rg6 Qd2 0-1

[Event "Senior-DM 65+ 2023"]
[Site "Aalborg"]
[Date "2023.02.19"]
[Round "1"]
[White "Christiansen, Arne"]
[Black "Petersen, Jan"]
[Result "1/2-1/2"]
[WhiteElo "1957"]
[BlackElo "1641"]
[PlyCount "52"]
[EventDate "2023.02.19"]
[EventType "swiss"]
[EventRounds "7"]
[EventCountry "DEN"]
[SourceTitle "Live v Hans Engen"]

1. d4 d5 2. c4 c6 3. Nf3 Nf6 4. e3 g6 5. Nc3 Bg7 6. Bd3 O-O 7. O-O Re8 8. b3
Nbd7 9. Bb2 e5 10. dxe5 Ng4 11. cxd5 cxd5 12. Be2 Ngxe5 13. Qxd5 Nxf3+ 14. Bxf3
Ne5 15. Qxd8 Rxd8 16. Na4 Nxf3+ 17. gxf3 Bxb2 18. Nxb2 Be6 19. Kg2 Rd2 20. Nc4
Bxc4 21. bxc4 Rc8 22. Rfc1 Rc5 23. f4 b5 24. cxb5 Rxb5 25. Rd1 Rc2 26. Rdc1 Rd2
1/2-1/2

[Event "Senior-DM 65+ 2023"]
[Site "Aalborg"]
[Date "2023.02.19"]
[Round "1"]
[White "Bohnstedt, Michael"]
[Black "Falberg, Hugo"]
[Result "0-1"]
[WhiteElo "1470"]
[BlackElo "1902"]
[PlyCount "77"]
[EventDate "2023.02.19"]
[EventType "swiss"]
[EventRounds "7"]
[EventCountry "DEN"]
[SourceTitle "Live v Hans Engen"]

1. e4 e5 2. Nf3 Nc6 3. Bb5 a6 4. Ba4 Nf6 5. O-O Be7 6. d3 d6 7. h3 b5 8. Bb3
Na5 9. Nc3 Bb7 10. Bd2 Nxb3 11. axb3 O-O 12. Ne2 d5 13. Ng3 dxe4 14. dxe4 Nxe4
15. Nxe4 Bxe4 16. c4 Bxf3 17. gxf3 Qd3 18. Kh2 Rfd8 19. Bc3 Qf5 20. Qe2 Qf4+
21. Kh1 Qh4 22. Kh2 Qf4+ 23. Kh1 Bd6 24. Qe4 b4 25. Qxf4 exf4 26. Bd2 a5 27.
Rg1 Be5 28. Bc1 Rd3 29. Re1 f6 30. Kg2 Rxb3 31. Rb1 Rd8 32. Ra1 Rdd3 33. Bxf4
Bxf4 34. Re8+ Kf7 35. Rae1 Rxf3 36. R8e2 Rxh3 37. Rh1 Rxh1 38. Kxh1 Be5 39. Re1
0-1

[Event "Senior-DM 65+ 2023"]
[Site "Aalborg"]
[Date "2023.02.19"]
[Round "1"]
[White "Johnsen, Oystein"]
[Black "Jorgensen, Orla Eilegaard"]
[Result "1-0"]
[WhiteElo "1918"]
[BlackElo "1482"]
[PlyCount "135"]
[EventDate "2023.02.19"]
[EventType "swiss"]
[EventRounds "7"]
[EventCountry "DEN"]
[SourceTitle "Live v Hans Engen"]

1. d4 d5 2. Bf4 e6 3. e3 Nf6 4. Nf3 Bd6 5. Bg3 Bxg3 6. hxg3 Nbd7 7. Bd3 c5 8.
c3 c4 9. Bc2 b5 10. Nbd2 Qc7 11. Qe2 Bb7 12. e4 dxe4 13. Ng5 e3 14. Qxe3 Bxg2
15. Rh4 Bd5 16. f4 Kf8 17. Ndf3 Bxf3 18. Qxf3 Re8 19. Kd2 Qd6 20. Rah1 h6 21.
Kc1 b4 22. cxb4 Qxd4 23. Rd1 Qb6 24. Ba4 Ke7 25. Ne4 Rd8 26. a3 Nxe4 27. Qxe4
Nf6 28. Qe2 Rxd1+ 29. Bxd1 Rd8 30. f5 Rd4 31. Rxd4 Qxd4 32. fxe6 fxe6 33. Bc2
Qg1+ 34. Bd1 Qxg3 35. Qxc4 Qe3+ 36. Kb1 Qb6 37. Qc5+ Qxc5 38. bxc5 h5 39. b4
Nd5 40. Bxh5 e5 41. Kc2 Kd7 42. b5 g5 43. Bg4+ Kc7 44. Bf3 Ne3+ 45. Kd3 Nf5 46.
a4 Nd4 47. Bd5 g4 48. Ke4 Nf3 49. Kf5 Nd4+ 50. Kxg4 e4 51. Kf4 e3 52. Kxe3 Nf5+
53. Kd3 Ne7 54. Be4 Nc8 55. a5 Kd8 56. Kd4 Kc7 57. Ke5 Ne7 58. b6+ axb6 59.
axb6+ Kb8 60. b7 Kc7 61. Ke6 Ng8 62. c6 Nh6 63. b8=Q+ Kxb8 64. Kd7 Ka7 65. c7
Nf7 66. c8=Q Ne5+ 67. Kc7 Nc6 68. Qb7# 1-0

[Event "Senior-DM 65+ 2023"]
[Site "Aalborg"]
[Date "2023.02.19"]
[Round "1"]
[White "Jensen, Bent Kiel"]
[Black "Nielsen, Christian Volmer"]
[Result "1/2-1/2"]
[WhiteElo "1556"]
[BlackElo "1979"]
[PlyCount "87"]
[EventDate "2023.02.19"]
[EventType "swiss"]
[EventRounds "7"]
[EventCountry "DEN"]
[SourceTitle "Live v Hans Engen"]

1. d4 d5 2. c4 c6 3. Nc3 Nf6 4. Nf3 e6 5. Bg5 Bd6 6. e3 Nbd7 7. Bd3 O-O 8. O-O
a6 9. Qc2 h6 10. Bh4 dxc4 11. Bxc4 Qc7 12. Rac1 Re8 13. Rfd1 Qa5 14. Ne4 Be7
15. a3 Nxe4 16. Qxe4 Nf6 17. Bxf6 Bxf6 18. Bd3 g6 19. h4 Qf5 20. Qxf5 exf5 21.
g3 Be6 22. Bc4 Rad8 23. b3 Bd5 24. Bxd5 Rxd5 25. Rc4 Red8 26. Rdc1 g5 27. hxg5
hxg5 28. Rc5 Kg7 29. a4 Be7 30. Rxd5 Rxd5 31. Kf1 f6 32. Ke2 c5 33. dxc5 Bxc5
34. Rd1 Rxd1 35. Kxd1 Kf7 36. Kd2 Ke6 37. Kd3 Kd5 38. Nd4 Bxd4 39. exd4 a5 40.
f4 b6 41. Ke3 Kc6 42. Kd3 Kd5 43. Ke3 Kc6 44. Kd3 1/2-1/2

[Event "Senior-DM 65+ 2023"]
[Site "Aalborg"]
[Date "2023.02.19"]
[Round "1"]
[White "Munk, Kai S"]
[Black "Lindhard, Lars"]
[Result "1-0"]
[WhiteElo "1929"]
[BlackElo "1284"]
[PlyCount "69"]
[EventDate "2023.02.19"]
[EventType "swiss"]
[EventRounds "7"]
[EventCountry "DEN"]
[SourceTitle "Live v Hans Engen"]

1. b3 Nf6 2. Bb2 g6 3. c4 Bg7 4. Nc3 d6 5. g3 O-O 6. Bg2 c6 7. e4 e5 8. Nge2
Nbd7 9. O-O Nc5 10. Qc2 Re8 11. b4 Ne6 12. a4 Bd7 13. Nd1 Nc7 14. Ne3 Qe7 15.
Rab1 Rab8 16. Ba3 Red8 17. Rfd1 Be6 18. f4 Ng4 19. f5 Nxe3 20. dxe3 gxf5 21.
exf5 Bc8 22. e4 b6 23. Bc1 f6 24. Be3 Bd7 25. b5 c5 26. g4 Be8 27. h4 h5 28. g5
Rd7 29. Ng3 fxg5 30. hxg5 Bh8 31. Bf3 h4 32. Nf1 Qg7 33. Nh2 Qf7 34. Bg4 Rdd8
35. Nf3 1-0

[Event "Senior-DM 65+ 2023"]
[Site "Aalborg"]
[Date "2023.02.19"]
[Round "1"]
[White "Nielsen, Bent K"]
[Black "Mortensen, Steen Juul"]
[Result "0-1"]
[WhiteElo "1304"]
[BlackElo "1884"]
[PlyCount "38"]
[EventDate "2023.02.19"]
[EventType "swiss"]
[EventRounds "7"]
[EventCountry "DEN"]
[SourceTitle "Live v Hans Engen"]

1. b3 Nf6 2. Bb2 d6 3. h3 e5 4. e3 g6 5. f3 Bg7 6. Nc3 Nh5 7. Nge2 Qh4+ 8. g3
Nxg3 9. Nxg3 Qxg3+ 10. Ke2 f5 11. Qe1 Qxe1+ 12. Rxe1 Be6 13. Nb5 Na6 14. Ba3
Kd7 15. e4 c6 16. Nxd6 Bf8 17. Nb5 cxb5 18. Bxf8 Rhxf8 19. Kd1 Nc7 0-1

[Event "Senior-DM 65+ 2023"]
[Site "Aalborg"]
[Date "2023.02.20"]
[Round "2"]
[White "Skovgaard, Tom"]
[Black "Andreasen, Per Naesby"]
[Result "0-1"]
[WhiteElo "1982"]
[BlackElo "2229"]
[PlyCount "58"]
[EventDate "2023.02.19"]
[EventType "swiss"]
[EventRounds "7"]
[EventCountry "DEN"]
[SourceTitle "Live v Hans Engen"]

1. e4 g6 2. d4 Bg7 3. Nf3 d6 4. Bc4 Nf6 5. Nc3 O-O 6. Bb3 Nc6 7. h3 Na5 8. O-O
Nxb3 9. axb3 b6 10. b4 Bb7 11. Re1 Qd7 12. Qe2 Rfe8 13. Bd2 a6 14. e5 Nd5 15.
Ne4 b5 16. b3 Nb6 17. Rad1 h6 18. Bf4 Qf5 19. Bc1 Rad8 20. Ned2 Qxc2 21. e6 f5
22. Ba3 Qc6 23. Rc1 Qd5 24. Rxc7 Rc8 25. Rec1 Rxc7 26. Rxc7 Bc8 27. Bb2 Qxe6
28. Qd3 Nd5 29. Rc1 Nf4 0-1

[Event "Senior-DM 65+ 2023"]
[Site "Aalborg"]
[Date "2023.02.20"]
[Round "2"]
[White "Mikkelsen, Peter Jorgen Dam"]
[Black "Andersen, Lars Christoff"]
[Result "1-0"]
[WhiteElo "2101"]
[BlackElo "2009"]
[PlyCount "95"]
[EventDate "2023.02.19"]
[EventType "swiss"]
[EventRounds "7"]
[EventCountry "DEN"]
[SourceTitle "Live v Hans Engen"]

1. d4 e6 2. Nf3 d5 3. g3 c5 4. c3 Nc6 5. Bg2 Nf6 6. O-O Be7 7. Nbd2 Bd7 8. h3
cxd4 9. cxd4 Qb6 10. e3 Rc8 11. a3 Qc7 12. b4 Nb8 13. Bb2 Qc2 14. Qb1 O-O 15.
Rc1 Qxb1 16. Raxb1 Ba4 17. Rxc8 Rxc8 18. Rc1 Rxc1+ 19. Bxc1 Nbd7 20. Bf1 a6 21.
Bd3 Nb6 22. Ne5 Nfd7 23. f4 f6 24. Nef3 g6 25. e4 Bc6 26. Kf2 Na4 27. exd5 exd5
28. Nb1 Ndb6 29. g4 Nc4 30. g5 Bd7 31. h4 Nd6 32. Bc2 Nf5 33. Bb3 Nb6 34. Nc3
Bc6 35. Ne4 Kg7 36. Nc5 Nc4 37. a4 Nfd6 38. Bc2 Kf7 39. Ke2 Nf5 40. Kf2 Nfd6
41. Ke2 Nf5 42. Kd3 Kg7 43. Kc3 Ncd6 44. Bb3 Ng3 45. Kd3 Ngf5 46. Bd2 Ne4 47.
Be1 Kf7 48. Nxe4 1-0

[Event "Senior-DM 65+ 2023"]
[Site "Aalborg"]
[Date "2023.02.20"]
[Round "2"]
[White "Ortoft, Kai"]
[Black "Kolbak, Jens"]
[Result "1/2-1/2"]
[WhiteElo "1923"]
[BlackElo "2134"]
[PlyCount "45"]
[EventDate "2023.02.19"]
[EventType "swiss"]
[EventRounds "7"]
[EventCountry "DEN"]
[SourceTitle "Live v Hans Engen"]

1. d4 Nf6 2. Nf3 d5 3. c4 e6 4. g3 Nbd7 5. Bg2 Be7 6. Qc2 O-O 7. O-O c6 8. Nbd2
b6 9. e4 Bb7 10. exd5 cxd5 11. b3 Rc8 12. Bb2 Qc7 13. Rac1 Rfd8 14. Qb1 Qb8 15.
Rfd1 Qa8 16. Ne5 Nxe5 17. dxe5 Ne4 18. cxd5 Rxc1 19. Qxc1 Nxd2 20. Rxd2 Bxd5
21. Bxd5 Rxd5 22. Rxd5 Qxd5 23. Ba3 1/2-1/2

[Event "Senior-DM 65+ 2023"]
[Site "Aalborg"]
[Date "2023.02.20"]
[Round "2"]
[White "Thuesen, Mogens Henrik"]
[Black "Olesen, Poul Erik Norgaard"]
[Result "0-1"]
[WhiteElo "2137"]
[BlackElo "1981"]
[PlyCount "88"]
[EventDate "2023.02.19"]
[EventType "swiss"]
[EventRounds "7"]
[EventCountry "DEN"]
[SourceTitle "Live v Hans Engen"]

1. d4 d6 2. c4 Nf6 3. Nc3 g6 4. e4 Bg7 5. Nf3 O-O 6. Be2 e5 7. O-O Nc6 8. d5
Ne7 9. b4 Ne8 10. a4 f5 11. c5 Nf6 12. cxd6 cxd6 13. Nd2 Bh6 14. Bf3 Bxd2 15.
Bxd2 f4 16. Nb5 g5 17. Qc2 g4 18. Bd1 Ne8 19. Rc1 Bd7 20. Qd3 Ng6 21. a5 Rf7
22. Nc3 Qh4 23. Re1 Nf6 24. g3 Qh3 25. Qf1 Qh5 26. Nb5 Ne8 27. Nc7 Nxc7 28.
Rxc7 fxg3 29. hxg3 Bb5 30. Rxf7 Bxf1 31. Rf5 Qh3 32. Rxf1 Kg7 33. Be2 Rf8 34.
Rg5 h5 35. Be3 Rf3 36. Bxa7 Rxg3+ 37. fxg3 Qxg3+ 38. Kh1 Qh4+ 39. Kg1 Qxg5 40.
b5 Nf4 41. Rxf4 Qxf4 42. a6 bxa6 43. bxa6 Qxe4 44. Bf1 h4 0-1

[Event "Senior-DM 65+ 2023"]
[Site "Aalborg"]
[Date "2023.02.20"]
[Round "2"]
[White "Falberg, Hugo"]
[Black "Christiansen, Jens Jorgen"]
[Result "1/2-1/2"]
[WhiteElo "1902"]
[BlackElo "2095"]
[PlyCount "40"]
[EventDate "2023.02.19"]
[EventType "swiss"]
[EventRounds "7"]
[EventCountry "DEN"]
[SourceTitle "Live v Hans Engen"]

1. f4 d5 2. Nf3 g6 3. e3 c5 4. Be2 Bg7 5. O-O Nc6 6. h3 Nf6 7. d3 O-O 8. Qe1
Qc7 9. Qh4 b5 10. Nc3 Rb8 11. e4 dxe4 12. Nxe4 Nd4 13. Nxd4 cxd4 14. Bd1 Bb7
15. f5 Nxe4 16. dxe4 Qc6 17. Bf4 Rbe8 18. Qg3 e5 19. Bd2 Rc8 20. Rc1 Rfe8
1/2-1/2

[Event "Senior-DM 65+ 2023"]
[Site "Aalborg"]
[Date "2023.02.20"]
[Round "2"]
[White "Madsen, Svend Aage"]
[Black "Johnsen, Oystein"]
[Result "1/2-1/2"]
[WhiteElo "2030"]
[BlackElo "1918"]
[PlyCount "57"]
[EventDate "2023.02.19"]
[EventType "swiss"]
[EventRounds "7"]
[EventCountry "DEN"]
[SourceTitle "Live v Hans Engen"]

1. e4 c5 2. Nf3 e6 3. b3 Nc6 4. Bb2 d6 5. Bb5 e5 6. O-O Be7 7. c3 a6 8. Bxc6+
bxc6 9. d4 cxd4 10. cxd4 f6 11. dxe5 fxe5 12. Qc2 Bb7 13. Nbd2 Nh6 14. Nc4 Nf7
15. Rfd1 Qc7 16. Rac1 O-O 17. b4 Rac8 18. Qe2 Rfe8 19. a3 Bf8 20. Na5 Qb6 21.
Nxb7 Qxb7 22. Qc4 Qb5 23. Qxb5 cxb5 24. Kf1 g6 25. Ke2 Bh6 26. Rxc8 Rxc8 27.
Kd3 Kf8 28. Nd2 Ke7 29. Rc1 1/2-1/2

[Event "Senior-DM 65+ 2023"]
[Site "Aalborg"]
[Date "2023.02.20"]
[Round "2"]
[White "Mortensen, Steen Juul"]
[Black "Pedersen, Karsten Nymann"]
[Result "0-1"]
[WhiteElo "1884"]
[BlackElo "2057"]
[PlyCount "66"]
[EventDate "2023.02.19"]
[EventType "swiss"]
[EventRounds "7"]
[EventCountry "DEN"]
[SourceTitle "Live v Hans Engen"]

1. Nf3 Nf6 2. g3 d5 3. Bg2 e6 4. O-O Be7 5. d4 O-O 6. c4 dxc4 7. Qc2 a6 8. Qxc4
b5 9. Qb3 Bb7 10. Nc3 Nbd7 11. Bf4 c5 12. dxc5 Nxc5 13. Qd1 b4 14. Qxd8 Rfxd8
15. Nd1 Nd5 16. Be5 Rac8 17. Bd4 a5 18. Re1 Na4 19. Bf1 Nf6 20. Be3 Ne4 21. Nd4
Bf6 22. Nb3 Nxb2 23. Nxb2 Bxb2 24. Rab1 Bc3 25. Red1 a4 26. Rxd8+ Rxd8 27. Na5
Bd5 28. Rd1 Ra8 29. f3 Nf6 30. Bb6 Bxa2 31. e4 h6 32. Bc4 Bxc4 33. Nxc4 a3 0-1